000 01333nam a2200241 a 4500
001 000012909
005 20200929163111.0
008 091118s1992 dr 000 0 spa d
040 _aDO-SdBNP
_bspa
_cBNPHU
082 _a282.8
_bC748n
111 2 _aConferencia general del Episcopado Latinoamericano
_n4ª :
_d1992 oct. 12-28 :
_cSanto Domingo)
_929793
245 1 0 _aNueva evangelización, promoción humana, cultural cristiana.
260 _aSanto Domingo :
_bMSC,
_c1992.
300 _a209 p. ;
_c22 cm.
500 _aIncluye índice temático
505 0 _tCarta del Santo Padre a los Obispos diocesanos de América Latina --
_tDiscurso inaugural del Santo Padre --
_tPresentación --
_tMensaje de la IV Conferencia del Episcopado Latinoamericano --
_tJesucristo, evangelio del Padre --
_tJesucristo evangelizador viviente en su iglesia --
_tLa promoción humana --
_tLa cultura cristiana --
_tJesucristo, vida y esperanza de América Latina y el Caribe.
590 _aInventariado, 2018/ YL
650 4 _aEvangelización
_zAmérica Latina
_xCongresos, conferencias, etc.
_929794
650 4 _aCristianismo y cultura
_xCongresos, conferencias, etc.
_929795
650 4 _aIglesia católica
_zAmérica Latina
_929796
710 2 _aIglesia Católica.
_bConsejo Episcopal Latinoamericano.
_929797
910 _aValidado. Control de calidad EMS
999 _c12557
_d12557